Právna úprava postavenia cudzincov na území Slovenskej republiky diplomová práca

Uložené v:
Podrobná bibliografia
Hlavný autor: Lacková, Jana
Korporativný autor: Fakulta medzinárodných vzťahov EU. Katedra medzinárodného práva
Ďalší autori: Martyniv, Halina
Médium: Kniha
Jazyk:Slovak
Vydavateľské údaje: Bratislava 2011
Tagy: Pridať tag
Žiadne tagy, Buďte prvý, kto otaguje tento záznam!

MARC

LEADER 00000nbm a2200000 4500
001 0131100
005 20170315090419.2
041 0 |a slo 
044 |a SK 
245 1 0 |a Právna úprava postavenia cudzincov na území Slovenskej republiky  |b diplomová práca  |c Jana Lacková ; školiteľ: Halina Martyniv 
264 1 |a Bratislava  |c 2011 
300 |a 80 s. 
100 1 |a Lacková, Jana 
700 1 |a Martyniv, Halina 
710 2 |a Fakulta medzinárodných vzťahov EU. Katedra medzinárodného práva